000 00569nam a2200181 i 4500
001 140310
003 ES-MaACL
005 20230906200043.0
007 t|
008 070214s1920 fr r ||||1| fre d
100 1 _aSchurè, Edouard.
_9219748
245 1 4 _aLes Prophètes de la Renaissance
_b: Dante, Léonard de Vinci, Raphaël, Michel-Ange, Le Corrège /
_cEdouard Schuré.
260 _aParis :
_bEvreux Ch. Herissey,
_c1920.
300 _aX, 362 p. ;
_c19 cm.
650 0 4 _aRenacimiento-
_zItalia.
_916844
852 _aES-MaACL
_jF-10345
999 _c140310
_d140310